| 000 | 00592nam a22002297a 4500 | ||
|---|---|---|---|
| 003 | OSt | ||
| 005 | 20250812122334.0 | ||
| 008 | 250812b |||||||| |||| 00| 0 eng d | ||
| 040 | _cSTCPL | ||
| 041 | _aENG | ||
| 100 | _aHarender Raj Gautam | ||
| 245 | _aGene editing technology: Transforming agriculture | ||
| 246 |
_aKTRA _fVol.73; No.10 - _gAugust 2025 _hpp.16-22 |
||
| 630 | _aBOT | ||
| 650 | _aAgriculture | ||
| 650 | _aGene editing | ||
| 650 | _aNutritional security | ||
| 650 | _aClimate change | ||
| 650 | _aCommercial gains | ||
| 942 | _cARTICLE | ||
| 942 |
_2ddc _n0 |
||
| 999 |
_c87045 _d87045 |
||